Top 5 Songs On Tranquility Base Hotel & Casino (Arctic Monkeys) - Statistics

General Stats
  • This quiz has been taken 55 times
  • The average score is 4 of 5
Answer Stats
Hint Answer % Correct
112,889,600 Four Out Of Five
93%
66,651,209 One Point Perspective
87%
71,738,100 Star Treatment
87%
74,665,716 Tranquility Base Hotel & Casino
85%
47,040,113 The Ultracheese
83%
No matching quizzes found
Score Distribution
Percent of People with Each Score
Percentile by Number Answered
Your Score History
You have not taken this quiz